MARC details
| 000 -LEADER |
| fixed length control field |
02801mam a22003494a 4500 |
| 001 - CONTROL NUMBER |
| control field |
3271642 |
| 003 - CONTROL NUMBER IDENTIFIER |
| control field |
ARRUPE |
| 005 - DATE AND TIME OF LATEST TRANSACTION |
| control field |
20151104123001.0 |
| 008 - FIXED-LENGTH DATA ELEMENTS--GENERAL INFORMATION |
| fixed length control field |
011003s2002 ilu b 001 0 eng |
| 010 ## - LIBRARY OF CONGRESS CONTROL NUMBER |
| LC control number |
2001051600 |
| 020 ## - INTERNATIONAL STANDARD BOOK NUMBER |
| International Standard Book Number |
083082670X (cloth : alk. paper) |
| 035 ## - SYSTEM CONTROL NUMBER |
| System control number |
(OCoLC)ocm48131970 |
| 040 ## - CATALOGING SOURCE |
| Original cataloging agency |
DLC |
| Transcribing agency |
DLC |
| Modifying agency |
YDX |
| -- |
OrLoB-B |
| 042 ## - AUTHENTICATION CODE |
| Authentication code |
pcc |
| 050 00 - LIBRARY OF CONGRESS CALL NUMBER |
| Classification number |
BR165 |
| Item number |
.S59 2002 |
| 082 00 - DEWEY DECIMAL CLASSIFICATION NUMBER |
| Classification number |
270.1 |
| Edition number |
21 |
| 300 ## - PHYSICAL DESCRIPTION |
| Dimensions |
24 cm. |
| 100 1# - MAIN ENTRY--PERSONAL NAME |
| Personal name |
Skarsaune, Oskar, |
| Dates associated with a name |
1946- |
| 9 (RLIN) |
20943 |
| 245 10 - TITLE STATEMENT |
| Title |
In the shadow of the temple : |
| Remainder of title |
Jewish influences on early Christianity / |
| Statement of responsibility, etc |
Oskar Skarsaune. |
| 260 ## - PUBLICATION, DISTRIBUTION, ETC. (IMPRINT) |
| Place of publication, distribution, etc |
Downers Grove, Ill. : |
| Name of publisher, distributor, etc |
InterVarsity Press, |
| Date of publication, distribution, etc |
c2002. |
| 300 ## - PHYSICAL DESCRIPTION |
| Extent |
455 p. ; |
| 504 ## - BIBLIOGRAPHY, ETC. NOTE |
| Bibliography, etc |
Includes bibliographical references and indexes. |
| 505 00 - FORMATTED CONTENTS NOTE |
| Miscellaneous information |
Pt. 1. |
| Title |
The Mother Soil: Judaism from the Maccabees to the Rabbis. |
| Miscellaneous information |
1. |
| Title |
The Cultural Dimension: Judaism & Hellenism. |
| Miscellaneous information |
2. |
| Title |
The Political Dimension: Jews & the Roman Empire. |
| Miscellaneous information |
3. |
| Title |
The Geographical Dimension: The Land of Israel & the Diaspora. |
| Miscellaneous information |
4. |
| Title |
Jerusalem: The City of the Temple. |
| Miscellaneous information |
5. |
| Title |
How Many "Judaisms"? -- |
| Miscellaneous information |
Pt. 2. |
| Title |
Christian Beginnings: From Jewish Party to Gentile Church. |
| Miscellaneous information |
6. |
| Title |
Jesus Within Judaism. |
| Miscellaneous information |
7. |
| Title |
The Early Jerusalem Community of Believers in Jesus. |
| Miscellaneous information |
8. |
| Title |
The Mission to the Gentiles & the Question of the Torah. |
| Miscellaneous information |
9. |
| Title |
The Land of Israel: The Church of Jewish Believers. |
| Miscellaneous information |
10. |
| Title |
The Diaspora: The Church of Jews & Gentiles. |
| Miscellaneous information |
11. |
| Title |
Encounter with Paganism - & the Jewish Heritage. |
| Miscellaneous information |
12. |
| Title |
Orthodoxy & Heresy: The Challenge from Gnosticism & Marcion. |
| Miscellaneous information |
13. |
| Title |
Elder & Younger Brothers: The Second-Century Debate with Judaism -- |
| Miscellaneous information |
Pt. 3. |
| Title |
The Persistence of the Jewish Heritage: Faith & Order in the Early Church. |
| Miscellaneous information |
14. |
| Title |
Which Books Belong in the Bible? The Question of Canon. |
| 505 80 - FORMATTED CONTENTS NOTE |
| Miscellaneous information |
15. |
| Title |
Christology in the Making (I): The Messiah. |
| Miscellaneous information |
16. |
| Title |
Christology in the Making (II): The Incarnate Word. |
| Miscellaneous information |
17. |
| Title |
The Creative Spirit. |
| Miscellaneous information |
18. |
| Title |
Conversion, Baptism & New Life. |
| Miscellaneous information |
19. |
| Title |
Worship & Calendar: The Christian Week and Year. |
| Miscellaneous information |
20. |
| Title |
Passover & Eucharist -- |
| Miscellaneous information |
Pt. 4. |
| Title |
Epilogue. |
| Miscellaneous information |
21. |
| Title |
The Church Facing a New Era. |
| 520 1# - SUMMARY, ETC. |
| Summary, etc |
"This is a book that will both fascinate and inform its readers. It embraces a historical period that transcends the ordinary divisions of labor between scholars of Christian origins and early church history. And it offers insights into that history that challenge the prevailing notions of the way it was - and the way it must be between Christians and Jews."--BOOK JACKET. |
| 650 #0 - SUBJECT ADDED ENTRY--TOPICAL TERM |
| Topical term or geographic name as entry element |
Church history |
| Chronological subdivision |
Primitive and early church, ca. 30-600. |
| 9 (RLIN) |
20944 |
| 650 #0 - SUBJECT ADDED ENTRY--TOPICAL TERM |
| Topical term or geographic name as entry element |
Christianity and other religions |
| General subdivision |
Judaism |
| -- |
History. |
| 9 (RLIN) |
20945 |
| 650 #0 - SUBJECT ADDED ENTRY--TOPICAL TERM |
| Topical term or geographic name as entry element |
Judaism |
| General subdivision |
Relations |
| -- |
Christianity |
| -- |
History. |
| 9 (RLIN) |
20946 |
| 650 #0 - SUBJECT ADDED ENTRY--TOPICAL TERM |
| Topical term or geographic name as entry element |
Christianity |
| General subdivision |
Origin. |
| 9 (RLIN) |
11959 |
| 650 #0 - SUBJECT ADDED ENTRY--TOPICAL TERM |
| Topical term or geographic name as entry element |
Judaism |
| General subdivision |
Influence. |
| 9 (RLIN) |
20947 |
| 900 ## - EQUIVALENCE OR CROSS-REFERENCE-PERSONAL NAME [LOCAL, CANADA] |
| Numeration |
TOC |
| 942 ## - ADDED ENTRY ELEMENTS (KOHA) |
| Source of classification or shelving scheme |
Library of Congress Classification |
| Koha item type |
Monograph ( Printed materials) |